Culture générale - Divers #1 - Statistiques

Statistiques générales
  • Ce quiz a été pris 140 fois
    54 depuis la dernière actualisation
  • Le résultat moyen est 6 sur 15
Statistiques - réponses
Question Réponse % Correct
Quelle est, de loin, la lettre de l'alphabet la plus utilisée en français ? E
100%
Quelle est la particularité du roman "La Disparition" de Georges Perec ? Il ne contient jamais la lettre E
69%
Que détruisent les antibiotiques ? Uniquement les bactéries
69%
Combien d'humains meurent chaque année à cause d'un requin ? 10
54%
La Française Jeanne Calment, décédée à Arles en 1997, est l'être humain ayant vécu le plus longtemps parmi les personnes dont la date de naissance a été vérifiée. Quel âge avait-elle à son décès ? 122 ans
46%
Quel est le nombre approximatif de langues vivantes parlées dans le monde ? 7 000
46%
Quel est le nom de ce fruit japonais qui est une variété de poire mais qui a la forme d'une pomme (voir image ci-dessus) ? Nashi
46%
Quel est le seul animal vertébré qui ne baille pas ? La girafe
31%
Quel est le seul département de France métropolitaine à ne compter aucune gare ferroviaire ou ligne voyageur desservie par la SNCF sur son territoire ? L'Ardèche
23%
Il est bien connu qu'en moyenne les femmes vivent plus longtemps que les hommes (écart de 5 ans en moyenne), mais cet écart est encore plus élevé (10 ans) dans certains pays. Lesquels ? Les pays de l'ex-URSS
23%
Lequel de ces noms a 2 pluriels différents (un en -s et un en -x) selon le sens du nom ? Lieu
23%
Quels sont les départements français qui comptent le plus de supercentenaires (personnes de 110 ans et plus) par rapport à leur population ? Guadeloupe et Martinique
15%
Quel est l'aliment qui contient le plus d'eau ? Le concombre
15%
Quel est la seule cour d'appel de France métropolitaine qui ne gère les affaires judiciaires que d'un seul département ? Metz
15%
Quel roman de science-fiction, écrit par J.-H. Rosny aîné en 1910, traite de la disparition des humains et du manque d'eau à cause de la surexploitation de la Terre ? La Mort de la Terre
8%
Aucun quiz correspondant
Distribution des résultats
% des personnes avec chaque résultat
Percentile par nombre de réponses
Votre historique - résultats
Vous n’avez pas pris ce quiz depuis la dernière actualisation